twenty one pilots Charting Songs (Billboard Hot Rock) - Statistics

General Stats
  • This quiz has been taken 101 times
    6 since last reset
  • The average score is 59 of 72
Answer Stats
Album Weeks On Peak Artist(s) Song % Correct
Vessel 18 Weeks #20 twenty one pilots Car Radio
100%
Trench 42 Weeks #3 twenty one pilots Chlorine
100%
Blurryface 24 Weeks #23 twenty one pilots Doubt
100%
Breach (Digital Remains) 10 Weeks #9 twenty one pilots Drag Path
100%
Blurryface 20 Weeks #8 twenty one pilots Fairly Local
100%
Clancy 5 Weeks #22 twenty one pilots Next Semester
100%
Clancy 14 Weeks #7 twenty one pilots Overcompensate
100%
Scaled & Icy 1 Week #37 twenty one pilots Redecorate
100%
Blurryface 92 Weeks #1 twenty one pilots Ride
100%
Blurryface 73 Weeks #1 twenty one pilots Stressed Out
100%
Arcane League of Legends: Season 2 18 Weeks #13 twenty one pilots The Line
100%
Scaled & Icy 18 Weeks #28 twenty one pilots The Outside
100%
Clancy 2 Weeks #29 twenty one pilots Vignette
100%
Clancy 1 Week #38 twenty one pilots At the Risk of Feeling Dumb
80%
Clancy 6 Weeks #21 twenty one pilots Backslide
80%
Trench 5 Weeks #18 twenty one pilots Bandito
80%
Rock Sound Presents: The Black Parade 20 Weeks #6 twenty one pilots Cancer
80%
Breach 2 Weeks #29 twenty one pilots Center Mass
80%
Scaled & Icy 6 Weeks #14 twenty one pilots Choker
80%
Non-Album Single 2 Weeks #35 twenty one pilots Christmas Saves the Year
80%
Breach 7 Weeks #11 twenty one pilots City Walls
80%
Breach 1 Week #36 twenty one pilots Cottonwood
80%
Trench 4 Weeks #19 twenty one pilots Cut My Lip
80%
Breach 2 Weeks #22 twenty one pilots Downstairs
80%
Breach 7 Weeks #21 twenty one pilots Drum Show
80%
Scaled & Icy 1 Week #38 twenty one pilots Formidable
80%
Breach 2 Weeks #23 twenty one pilots Garbage
80%
Blurryface 20 Weeks #32 twenty one pilots Goner
80%
Suicide Squad: The Album 59 Weeks #1 twenty one pilots Heathens
80%
Vessel 16 Weeks #33 twenty one pilots Holding On To You
80%
Vessel 21 Weeks #38 twenty one pilots House of Gold
80%
Breach 1 Week #40 twenty one pilots Intentions
80%
Trench 20 Weeks #6 twenty one pilots Jumpsuit
80%
Blurryface 20 Weeks #28 twenty one pilots Lane Boy
80%
Clancy 1 Week #36 twenty one pilots Lavish
80%
Trench 2 Weeks #23 twenty one pilots Leave the City
80%
Trench 2 Weeks #21 twenty one pilots Legend
80%
Non-Album Single 25 Weeks #1 twenty one pilots Level of Concern
80%
Trench 11 Weeks #11 twenty one pilots Levitate
80%
Blurryface 20 Weeks #35 twenty one pilots Message Man
80%
Clancy 2 Weeks #30 twenty one pilots Midwest Indigo
80%
Trench 6 Weeks #9 twenty one pilots Morph
80%
Scaled & Icy 2 Weeks #32 twenty one pilots Mulberry Street
80%
Trench 26 Weeks #4 twenty one pilots My Blood
80%
Clancy 2 Weeks #34 twenty one pilots Navigating
80%
Trench 4 Weeks #13 twenty one pilots Neon Gravestones
80%
Scaled & Icy 1 Week #36 twenty one pilots Never Take It
80%
Trench 18 Weeks #7 twenty one pilots Nico and the Niners
80%
Scaled & Icy 1 Week #35 twenty one pilots No Chances
80%
Clancy 1 Week #46 twenty one pilots Oldies Station
80%
Breach 2 Weeks #30 twenty one pilots One Way
80%
Clancy 1 Week #47 twenty one pilots Paladin Strait
80%
Trench 4 Weeks #16 twenty one pilots Pet Cheetah
80%
Breach 4 Weeks #20 twenty one pilots Rawfear
80%
Breach 2 Weeks #28 twenty one pilots Robot Voices
80%
Clancy 3 Weeks #26 twenty one pilots Routines in the Night
80%
Scaled & Icy 26 Weeks #10 twenty one pilots Saturday
80%
Scaled and Icy 19 Weeks #7 twenty one pilots Shy Away
80%
Clancy 1 Week #42 twenty one pilots Snap Back
80%
Breach 1 Week #34 twenty one pilots Tally
80%
Blurryface 26 Weeks #6 twenty one pilots Tear In My Heart
80%
Breach 7 Weeks #15 twenty one pilots The Contract
80%
Clancy 13 Weeks #20 twenty one pilots The Craving
80%
Trench 33 Weeks #3 twenty one pilots The Hype
80%
Blurryface 20 Weeks #32 twenty one pilots The Judge
80%
Blurryface 20 Weeks #36 twenty one pilots We Don't Believe What's On TV
80%
Scaled & Icy 1 Week #39 twenty one pilots Bounce Man
60%
Breach 1 Week #37 twenty one pilots Days Lie Dormant
60%
Scaled & Icy 1 Week #30 twenty one pilots Good Day
60%
Blurryface 36 Weeks #8 twenty one pilots Heavydirtysoul
60%
Blurryface 20 Weeks #31 twenty one pilots Polarize
60%
Trench 4 Weeks #14 twenty one pilots Smithereens
60%
No matching quizzes found
Score Distribution
Percent of People with Each Score
Percentile by Number Answered
Your Score History
You have not taken this quiz since the last reset